00997cam a2200241 a 450000500170000002000420001702000240005902000150008304000340009808200140013210000180014624500920016426000480025630000270030450400510033154600090038265000450039165000550043694200070049199900170049895201200051595201200063520260415061340.0 a087187993X (cloth) :cTZS 14,905.80/= a0871876736 (pbk.) : a8174940219 aMCCLbeng.eAACR 2nd rev. ed.00a342.730661 aKerwin, C. M.10aRulemaking :bhow government agencies write law and make policy /cCornelius M. Kerwin. aNew Delhi :bUniversal book traderscc1994. axiii, 321 p. ;c24 cm. aIncludes bibliographical references and index. aeng. 0aAdministrative procedurezUnited States. 0aAdministrative regulation draftingzUnited States. cBK c12622d12622 00104070aMU002bMU002d2006-09-01eRK Printingl0o347.73066 KERp002665r2026-04-15 06:15:18t1w2026-04-15yBK 00104070aMU002bMU002d2006-09-01eRK Printingl0o347.73066 KERp002667r2026-04-15 06:15:18t2w2026-04-15yBK